| 000 | 00509nam a2200181Ia 4500 | ||
|---|---|---|---|
| 008 | 230714s9999 xx 000 0 und d | ||
| 020 | _a9790000000000 | ||
| 041 | _aeng | ||
| 082 |
_a519.2 _bMOO |
||
| 100 |
_aMoorthy M.B.K. _9173980 |
||
| 245 | _aProbability, Random Processes And Queuing Theory | ||
| 250 | _a2nd Ed. | ||
| 260 |
_c2010 _bScitech Publication |
||
| 300 | _a683 | ||
| 365 |
_cRs. _b325.00 |
||
| 700 |
_aMoorthy M.B.K. _9173980 |
||
| 906 |
_dO:0100313-Aug-2010B:110019-Jul-2010 _cME ETC _b130 |
||
| 999 |
_c201118 _d201118 |
||